000 00534cam a2200205 4500
001 B3005
008 090401t1990 xxu||||| |||| 00| 0 eng d
035 _a(Sirsi) u53520
041 _aeng
050 _a333.336
100 _aKing, Andy
245 _aLiving with B1 : UK business parks 1979-1999
260 _aLondon
_bApplied Property Research
_c1990
300 _a(45) leaves ; 30cm.
350 _a0
520 _aIncludes list of Top Fifty Schemes Started.
700 _aBryant, Steve
942 _n0
948 _c04/03/1997
999 _c93281
_d93281